Les Liaisons Dandereuses /

Sparad:
Bibliografiska uppgifter
Huvudupphovsman: Laclos, Choderlos De.
Övriga upphovsmän: Aldington, Richard (translated.)
Materialtyp: Bok
Språk:English
French
Publicerad: London : David Campbell, 1992.
Ämnen:
Taggar: Lägg till en tagg
Inga taggar, Lägg till första taggen!
Thư viện lưu trữ: Mạng thư viện Đại học Đà Nẵng
LEADER 01048cam a2200373 i 4500
001 000047329
003 6939
005 20030408111713.0
008 010309|1992 vm 000 eng
020 |a 1857150767 
022 |a T 
040 |a IRC  |c IRC  |d IRC 
041 1 |a eng  |h fre 
082 1 4 |a 843  |b LA-C 
100 1 |a Laclos, Choderlos De. 
245 0 0 |a Les Liaisons Dandereuses /  |c Choderlos De Laclos ; Translated from the French by Richard Aldington ; Introduced by Peter Washington. 
260 |a London :  |b David Campbell,  |c 1992. 
300 |a 354p. ;  |c 20.5cm. 
630 0 4 |a French literature. 
630 0 4 |a French stories. 
630 0 4 |a Choderlos De Laclos. 
630 0 4 |a Les Liaisons Dangereuses. 
650 0 4 |a Literature, French  |x Stories. 
700 1 |a Aldington, Richard,  |e translated. 
OWN |a DUT 
999 |a From the UDN01 
TYP |a Monograph 
TYP |a Printed language 
980 |a Mạng thư viện Đại học Đà Nẵng